=LDR 00000nam 2200000 4500 =001 INLIS000000000058072 =005 20210728124123 =035 ##$$a 0010-0721000167 =007 ta =008 210728###########################0#ind## =020 ##$$a 978-602-72712-0-3 =082 ##$$a R.959.803 =084 ##$$a R.959.803 Yan e.1 =245 1#$$a Ensiklopedia Lintas Sejarah IndonesiaPenguatan Karakter Bangsa jilid 1 - 6 /$c Yanti Sriyulianti =300 ##$$a 85 halaman : $b Ilustrasi ; $c 26 cm =650 #4$$a Indonesia - sejarah - ensiklopedia =264 ##$$a jakarta :$b Binar Pustaka,$c 2015 =336 ##$$a teks$2 rdacontent =337 ##$$a lain-lain$2 rdamedia =338 ##$$a lain-lain$2 rdacarrier =990 ##$$a 06100610 =990 ##$$a 06100610 =990 ##$$a 06100610 =990 ##$$a 06100610 =990 ##$$a 06100610 =990 ##$$a 06100610